| 000 | 00478nam a2200181Ia 4500 | ||
|---|---|---|---|
| 001 | 17692 | ||
| 005 | 20260306171536.0 | ||
| 008 | 260306s9999||||xx |||||||||||||| ||und|| | ||
| 041 | _aESP | ||
| 082 |
_a658.15 _bE372 |
||
| 100 |
_aEscamilla Solano, Sandra, _eAUT |
||
| 245 | 0 |
_aManual de dirección financiera : _bgestión de carteras de inversión |
|
| 260 | _c2020 | ||
| 300 |
_axi, 225 páginas : _c24 cm. |
||
| 650 | _aGEN | ||
| 654 | _aCAN | ||
| 942 |
_cLIB _dJUS _fJUS _2ddc _n |
||
| 999 |
_c17692 _d17692 |
||